[Event "Bochumer SV 1 - Oberhausener SV 1"]
[Site "Oberliga NRW 2017/2018"]
[Date "2017.10.15"]
[Round "2.7"]
[White "Ciornei, Dragos"]
[Black "Jellinghaus, Lars"]
[Result "1/2-1/2"]
[WhiteElo "2050"]
[BlackElo "2109"]
[Annotator "Daniel"]
[PlyCount "52"]
[EventDate "2017.??.??"]
[WhiteTeam "Oberhausener SV 1"]
[BlackTeam "Bochumer SV 1"]

1. e4 e6 2. d4 d5 3. Nd2 c5 4. Ngf3 Nc6 5. exd5 exd5 6. Bb5 cxd4 7. O-O Bd6 8.
Re1+ Nge7 9. Nb3 O-O 10. Nbxd4 Bg4 11. Be2 a6 12. c3 Qc7 13. h3 Bh5 14. Nh4
Bxe2 15. Rxe2 Rfe8 16. Nhf5 Nxf5 17. Nxf5 Bc5 18. Be3 Qe5 19. Ng3 Bxe3 20. Rxe3
$11 Qg5 21. Rxe8+ Rxe8 22. Qg4 Qxg4 23. hxg4 Ne5 24. f3 Nd3 25. b3 Nf4 26. Rd1
g6 1/2-1/2

[Event "Bochumer SV 1 - Oberhausener SV 1"]
[Site "Oberliga NRW 2017/2018"]
[Date "2017.10.15"]
[Round "2.8"]
[White "Pewny, Uwe"]
[Black "Voge, Andreas"]
[Result "1/2-1/2"]
[WhiteElo "2172"]
[BlackElo "2052"]
[PlyCount "73"]
[EventDate "2017.??.??"]
[WhiteTeam "Bochumer SV 1"]
[BlackTeam "Oberhausener SV 1"]

1. e4 c5 2. Nf3 e6 3. d4 cxd4 4. Nxd4 a6 5. Bd3 Nc6 6. Nxc6 bxc6 7. O-O d6 8.
f4 Nf6 9. Nd2 Be7 10. Kh1 Bb7 11. e5 Nd5 12. Nc4 Nb4 13. exd6 Bxd6 14. Be4 Be7
15. Qe2 O-O 16. Ne5 Qc7 17. c4 c5 18. a3 Nc6 19. Nxc6 Bxc6 20. Bxc6 Qxc6 21. f5
Bf6 22. fxe6 Qxe6 23. Qxe6 fxe6 24. Rb1 Bd4 25. Re1 Rab8 26. Be3 Bxe3 27. Rxe3
Rxb2 28. Rbe1 Rf6 29. Re5 Ra2 30. Rxc5 Rxa3 31. h3 Rc3 32. Ra1 e5 33. Rxe5 Rxc4
34. Re7 Rc2 35. Ra7 Rcc6 36. Ra2 h6 37. Kh2 1/2-1/2

[Event "Oberhausener SV 1 - SV Wattenscheid 1"]
[Site "Oberliga NRW 2017/2018"]
[Date "2017.11.19"]
[Round "3.1"]
[White "Koscielski, Janusz"]
[Black "Litwak, Aleksej"]
[Result "1/2-1/2"]
[WhiteElo "2280"]
[BlackElo "2306"]
[PlyCount "46"]
[EventDate "2017.??.??"]
[WhiteTeam "SV Wattenscheid 1"]
[BlackTeam "Oberhausener SV 1"]

1. e4 c5 2. Nf3 e6 3. b3 b6 4. Bd3 Bb7 5. O-O Nf6 6. Re1 Be7 7. e5 Nd5 8. Bb2
O-O 9. Bf1 Nc6 10. g3 f6 11. c4 Ndb4 12. a3 Na6 13. Bg2 Nxe5 14. Nxe5 Bxg2 15.
Kxg2 fxe5 16. Bxe5 Bf6 17. Qe2 Nb8 18. Nc3 Bxe5 19. Qxe5 Nc6 20. Qe4 Qf6 21. f4
Qd4 22. Qxd4 Nxd4 23. Rab1 Kf7 1/2-1/2

[Event "Oberhausener SV 1 - SV Wattenscheid 1"]
[Site "Oberliga NRW 2017/2018"]
[Date "2017.11.19"]
[Round "3.2"]
[White "Becker, Marcel"]
[Black "Thiel, Thomas"]
[Result "1-0"]
[WhiteElo "2268"]
[BlackElo "2286"]
[PlyCount "78"]
[EventDate "2017.??.??"]
[WhiteTeam "Oberhausener SV 1"]
[BlackTeam "SV Wattenscheid 1"]

1. d4 d5 2. c4 c6 3. Nf3 Nf6 4. Nc3 dxc4 5. a4 Bf5 6. e3 e6 7. Bxc4 Bb4 8. O-O
Nbd7 9. Qe2 O-O 10. e4 Bg6 11. Bd3 Bh5 12. Bf4 Qe7 13. e5 Nd5 14. Nxd5 cxd5 15.
Qe3 Rfc8 16. h3 Ba5 17. g4 Bg6 18. h4 Qb4 19. Rfb1 Bxd3 20. Qxd3 Nc5 21. Qe3
Ne4 22. Qa3 Rc2 23. Be3 Qc4 24. Rc1 Bd2 25. Rxc2 Qxc2 26. Ne1 Qc4 27. Kg2 Qe2
28. Nf3 Rc8 29. Nxd2 Nxd2 30. Bxd2 Qxd2 31. Qe3 Qxb2 32. Ra3 Rc2 33. Rd3 Qa2
34. h5 h6 35. Qf4 Qxa4 36. Rf3 Rc7 37. g5 Qc2 38. gxh6 Qe4 39. Qg5 Kh7 1-0

[Event "Oberhausener SV 1 - SV Wattenscheid 1"]
[Site "Oberliga NRW 2017/2018"]
[Date "2017.11.19"]
[Round "3.4"]
[White "Kaufeld, Juergen"]
[Black "Franke, Johannes"]
[Result "0-1"]
[WhiteElo "2260"]
[BlackElo "2265"]
[PlyCount "70"]
[EventDate "2017.??.??"]
[WhiteTeam "Oberhausener SV 1"]
[BlackTeam "SV Wattenscheid 1"]

1. d4 d5 2. c4 c6 3. Nf3 Nf6 4. Nc3 dxc4 5. a4 Bf5 6. Ne5 e6 7. f3 Bb4 8. e4
Bg6 9. Bxc4 Nbd7 10. Nxd7 Nxd7 11. O-O Nb6 12. Be2 O-O 13. Be3 Nd7 14. Qb3 Qb6
15. Bf2 Rfd8 16. Rfd1 Rac8 17. d5 Nc5 18. Qc4 cxd5 19. exd5 Bxc3 20. Qxc3 exd5
21. Rac1 Qe6 22. Bxc5 b6 23. Ba6 Rxc5 24. Qd4 Qc6 25. Rc3 Rxc3 26. bxc3 f6 27.
Bc4 Bf7 28. Bb3 Qc5 29. Kf2 Kf8 30. c4 Qb4 31. Bc2 Rc8 32. Bxh7 Rxc4 33. Qe3
Qxa4 34. Re1 Qb4 35. Bf5 Qc5 0-1

[Event "Oberhausener SV 1 - SV Wattenscheid 1"]
[Site "Oberliga NRW 2017/2018"]
[Date "2017.11.19"]
[Round "3.5"]
[White "Sandkamp, Ralph"]
[Black "Kummerow, Heiko"]
[Result "1-0"]
[WhiteElo "2201"]
[BlackElo "2154"]
[PlyCount "143"]
[EventDate "2017.??.??"]
[WhiteTeam "SV Wattenscheid 1"]
[BlackTeam "Oberhausener SV 1"]

1. c4 Nf6 2. g3 g6 3. Bg2 Bg7 4. Nc3 O-O 5. e4 d6 6. Nge2 c5 7. O-O Nc6 8. d3
a6 9. h3 Ne8 10. Be3 Rb8 11. d4 cxd4 12. Nxd4 Bd7 13. Rc1 Nc7 14. Qd2 Nxd4 15.
Bxd4 Bxd4 16. Qxd4 Ne6 17. Qd2 a5 18. Rfd1 Bc6 19. b3 Nc5 20. Nd5 Re8 21. Qb2
Bxd5 22. Rxd5 Qc8 23. a3 Ra8 24. b4 axb4 25. axb4 Na4 26. Qd4 Qc7 27. e5 dxe5
28. Qxe5 Rac8 29. Qd4 Red8 30. Rxd8+ Rxd8 31. Qa7 Qd7 32. Qxb7 Qxb7 33. Bxb7
Rb8 34. Ba6 Rxb4 35. c5 Nxc5 36. Rxc5 h5 37. Be2 Kg7 38. Re5 Kf6 39. Re3 Rb2
40. f4 e6 41. Kf2 Rb4 42. Ra3 h4 43. Ra7 hxg3+ 44. Kxg3 Rb3+ 45. Bf3 Re3 46.
Kg4 Re1 47. Bc6 Rg1+ 48. Kf3 g5 49. Kf2 Rc1 50. Be8 gxf4 51. Rxf7+ Kg5 52. Rg7+
Kh4 53. Rh7+ Kg5 54. h4+ Kf6 55. Rf7+ Ke5 56. Kf3 Rc3+ 57. Kg4 Rg3+ 58. Kh5 Ke4
59. Bc6+ Ke5 60. Kh6 Kd6 61. Bb7 e5 62. h5 Ke6 63. Rg7 Rb3 64. Kg6 f3 65. Rf7
Rxb7 66. Rxb7 e4 67. h6 f2 68. Rb1 e3 69. h7 e2 70. h8=Q f1=Q 71. Qe8+ Kd5 72.
Qb5+ 1-0

[Event "Oberhausener SV 1 - SV Wattenscheid 1"]
[Site "Oberliga NRW 2017/2018"]
[Date "2017.11.19"]
[Round "3.6"]
[White "Ciornei, Dragos"]
[Black "Straeter, Timo"]
[Result "1/2-1/2"]
[WhiteElo "2050"]
[BlackElo "2305"]
[PlyCount "120"]
[EventDate "2017.??.??"]
[WhiteTeam "Oberhausener SV 1"]
[BlackTeam "SV Wattenscheid 1"]

1. e4 e5 2. Nf3 Nc6 3. d4 exd4 4. Nxd4 g6 5. Nc3 Bg7 6. Be3 d6 7. Qd2 Nf6 8. f3
Nxd4 9. Bxd4 Be6 10. O-O-O a6 11. g4 h6 12. h4 Qe7 13. Be2 c5 14. Be3 O-O-O 15.
g5 hxg5 16. Bxg5 Qe8 17. e5 dxe5 18. Qxd8+ Qxd8 19. Rxd8+ Rxd8 20. f4 exf4 21.
Rf1 Rd4 22. Rxf4 Rxf4 23. Bxf4 Nd5 24. Nxd5 Bxd5 25. b3 Kd7 26. h5 gxh5 27.
Bxh5 Ke6 28. c4 Be4 29. Bg4+ f5 30. Bh5 Be5 31. Be3 b6 32. Bg5 f4 33. Kd2 Kd6
34. a3 a5 35. Bd8 Kc6 36. Be7 Bd4 37. Ke2 Kd7 38. Bg5 Bc2 39. Bxf4 Bxb3 40. Kd3
Bb2 41. Bg4+ Kd8 42. Bg5+ Kc7 43. Bf4+ Kb7 44. Bf3+ Ka7 45. Bc6 Bxa3 46. Kc3
Bd1 47. Kd2 Bg4 48. Kc2 Bc8 49. Kb3 Bb4 50. Ka4 Ba6 51. Bd5 Bb7 52. Bxb7 Kxb7
53. Kb5 Bc3 54. Bd6 Bf6 55. Bf4 Bd8 56. Be5 Bc7 57. Bb2 Bf4 58. Bf6 Kc7 59. Bb2
Be3 60. Be5+ Kb7 1/2-1/2

[Event "Oberhausener SV 1 - SV Wattenscheid 1"]
[Site "Oberliga NRW 2017/2018"]
[Date "2017.11.19"]
[Round "3.7"]
[White "Kaehmann, Joerg"]
[Black "Voge, Andreas"]
[Result "1-0"]
[WhiteElo "2135"]
[BlackElo "2052"]
[PlyCount "67"]
[EventDate "2017.??.??"]
[WhiteTeam "SV Wattenscheid 1"]
[BlackTeam "Oberhausener SV 1"]

1. e4 c5 2. Nf3 e6 3. d4 cxd4 4. Nxd4 a6 5. Bd3 Qc7 6. O-O Nf6 7. Kh1 Nc6 8.
Nxc6 bxc6 9. c4 Be7 10. Nc3 O-O 11. f4 d6 12. c5 e5 13. cxd6 Bxd6 14. f5 Bb7
15. Qe2 Rfd8 16. Bg5 Be7 17. Rac1 c5 18. Bc4 Rd4 19. Bxf6 Bxf6 20. Bd5 Rb8 21.
b3 Rc8 22. Rc2 Be7 23. Qg4 Bf6 24. Qf3 Bxd5 25. Nxd5 Qd6 26. Qe2 Bg5 27. f6
Rxd5 28. exd5 Bxf6 29. b4 h6 30. Qc4 Be7 31. bxc5 Rxc5 32. Qxc5 Qxc5 33. Rxc5
Bxc5 34. Rc1 1-0

[Event "Oberhausener SV 1 - SV Wattenscheid 1"]
[Site "Oberliga NRW 2017/2018"]
[Date "2017.11.19"]
[Round "3.8"]
[White "Nissen, Claus"]
[Black "Hirsch, Stefan"]
[Result "1/2-1/2"]
[WhiteElo "2120"]
[BlackElo "2139"]
[PlyCount "63"]
[EventDate "2017.??.??"]
[WhiteTeam "Oberhausener SV 1"]
[BlackTeam "SV Wattenscheid 1"]

1. d4 Nf6 2. c4 g6 3. g3 Bg7 4. Bg2 O-O 5. Nc3 d6 6. Nf3 a6 7. O-O Nc6 8. h3
Rb8 9. Bg5 b5 10. cxb5 axb5 11. Rc1 Bd7 12. d5 Na5 13. b4 Nb7 14. Nd4 Qe8 15.
Qd3 Nd8 16. Nb1 e5 17. Nb3 Rc8 18. Na5 h6 19. Be3 Nh5 20. Kh2 f5 21. Qd2 f4 22.
gxf4 Nxf4 23. Bxf4 exf4 24. Rg1 Nf7 25. Nc6 Bxc6 26. dxc6 Ne5 27. Bd5+ Kh8 28.
f3 Bf6 29. Nc3 Bh4 30. Ne4 Ra8 31. Qd4 Kh7 32. Rg2 1/2-1/2

[Event "SF Essen-Katernberg  1 - Bochumer SV 1"]
[Site "Oberliga NRW 2017/2018"]
[Date "2017.11.19"]
[Round "3.1"]
[White "Zaitsev, Mikhail"]
[Black "Siebrecht, Sebastian"]
[Result "1/2-1/2"]
[WhiteElo "2422"]
[BlackElo "2410"]
[PlyCount "137"]
[EventDate "2017.??.??"]
[WhiteTeam "Bochumer SV 1"]
[BlackTeam "SF Essen-Katernberg  1"]

1. e4 c5 2. c3 Nf6 3. e5 Nd5 4. d4 cxd4 5. Nf3 e6 6. cxd4 b6 7. Bc4 Bb7 8. O-O
Be7 9. Bxd5 Bxd5 10. Nc3 Bc4 11. Re1 O-O 12. Qa4 Qc8 13. Bg5 f6 14. exf6 gxf6
15. Bh6 Rf7 16. d5 b5 17. Nxb5 Bxd5 18. Qg4+ Kh8 19. Qh5 Kg8 20. Re3 Nc6 21.
Nfd4 Ne5 22. f4 Ng6 23. f5 exf5 24. Nxf5 Bc5 25. Nbd6 Qb8 26. Rd1 Bxd6 27. Nxd6
Qxd6 28. Qxd5 Qxd5 29. Rxd5 Rc8 30. Kf1 f5 31. Red3 Rc7 32. Rb3 Rf6 33. Rb8+
Kf7 34. Bg5 Ke6 35. Ra5 Rf7 36. Re8+ Kd6 37. Be3 Rc2 38. Bd4 f4 39. Re2 Rc1+
40. Kf2 Ne7 41. Rd2 Nc6 42. Bxa7+ Kc7 43. Ra3 Kb7 44. Bd4 Nxd4 45. Rxd4 Rc2+
46. Kf3 Rxb2 47. Rb3+ Rxb3+ 48. axb3 Kc6 49. Rxf4 Re7 50. g4 Kd5 51. g5 d6 52.
h4 Rb7 53. Kg4 Ke6 54. Rf8 d5 55. Re8+ Kd6 56. h5 Rxb3 57. h6 Rb7 58. Rg8 Ke6
59. g6 hxg6 60. Rxg6+ Ke5 61. Rg7 Rb1 62. h7 Rh1 63. Kg5 d4 64. Re7+ Kd5 65.
Kg6 d3 66. Re8 Kd4 67. h8=Q+ Rxh8 68. Rxh8 d2 69. Kf5 1/2-1/2

[Event "SF Essen-Katernberg  1 - Bochumer SV 1"]
[Site "Oberliga NRW 2017/2018"]
[Date "2017.11.19"]
[Round "3.3"]
[White "Schneider, Bernd"]
[Black "Rosen, Bernd"]
[Result "1/2-1/2"]
[WhiteElo "2268"]
[BlackElo "2262"]
[Annotator "Daniel"]
[PlyCount "68"]
[EventDate "2017.??.??"]
[WhiteTeam "Bochumer SV 1"]
[BlackTeam "SF Essen-Katernberg  1"]

1. c4 e5 2. Nc3 Nf6 3. g3 c6 4. Nf3 e4 5. Nd4 Qb6 6. Nb3 a5 7. d3 a4 8. Be3 Qb4
9. Nd4 a3 10. Nc2 Qa5 11. b4 Bxb4 12. Nxb4 Qxb4 13. Bd4 d5 14. Rb1 Qe7 15. cxd5
exd3 16. Qxd3 O-O 17. Bxf6 Qxf6 18. Bg2 Nd7 19. Ne4 Qe5 20. f4 Qf5 21. Nd6 Qxd3
22. exd3 cxd5 23. Bxd5 Nc5 24. d4 Be6 25. Bxe6 $11 Nxe6 26. Rxb7 Rad8 27. Rb6
Nxd4 28. Kf2 Rd7 29. Re1 Rfd8 30. Re8+ Rxe8 31. Nxe8 Kf8 32. Nd6 Ke7 33. Nc4
Rc7 34. Ne3 Rd7 1/2-1/2

[Event "SF Essen-Katernberg  1 - Bochumer SV 1"]
[Site "Oberliga NRW 2017/2018"]
[Date "2017.11.19"]
[Round "3.4"]
[White "Wessendorf, Thomas"]
[Black "Heinbuch, Detlef Ulrich"]
[Result "1-0"]
[WhiteElo "2192"]
[BlackElo "2239"]
[Annotator "Daniel"]
[PlyCount "65"]
[EventDate "2017.??.??"]
[WhiteTeam "SF Essen-Katernberg  1"]
[BlackTeam "Bochumer SV 1"]

1. e4 c5 2. Nf3 Nc6 3. Bb5 g6 4. Bxc6 dxc6 5. d3 Bg4 6. Nbd2 e5 7. h3 Bxf3 8.
Nxf3 f6 9. Be3 Nh6 10. Qd2 Nf7 11. Qc3 Qe7 12. Nd2 Nd8 13. f4 exf4 14. Bxf4 Ne6
15. Be3 Rd8 16. Nf3 Bg7 $11 17. Qb3 b6 18. O-O O-O 19. a4 Kh8 20. Qc4 Rd6 21.
Rae1 Re8 22. Bf2 Rd7 23. Bh4 Qd6 24. Bxf6 Rf7 25. e5 Qd7 26. Qh4 Ref8 27. Nd2
Bxf6 28. exf6 Nd4 29. Re7 Rxe7 30. fxe7 Ne2+ 31. Kh1 Rxf1+ 32. Nxf1 Kg7 33. Qe4
1-0

[Event "SF Essen-Katernberg  1 - Bochumer SV 1"]
[Site "Oberliga NRW 2017/2018"]
[Date "2017.11.19"]
[Round "3.5"]
[White "Kiese, Matthias"]
[Black "Kueppers, Timo"]
[Result "0-1"]
[WhiteElo "2206"]
[BlackElo "2157"]
[PlyCount "92"]
[EventDate "2017.??.??"]
[WhiteTeam "Bochumer SV 1"]
[BlackTeam "SF Essen-Katernberg  1"]

1. d4 Nf6 2. Nf3 e6 3. Bg5 c5 4. e3 Be7 5. Nbd2 b6 6. Bd3 Bb7 7. O-O O-O 8. c3
d6 9. Re1 h6 10. Bxf6 Bxf6 11. Qe2 Nc6 12. Ba6 Qc8 13. Bxb7 Qxb7 14. a3 Rfc8
15. Ne4 Be7 16. Ng3 cxd4 17. exd4 d5 18. Nh5 b5 19. Nd2 a5 20. Qg4 Bf8 21. Nb3
g6 22. Nf4 Kh7 23. h4 b4 24. cxb4 axb4 25. a4 Na5 26. Nxa5 Rxa5 27. h5 g5 28.
Nd3 Rc4 29. Ne5 Rc8 30. f4 f5 31. Qe2 Ra6 32. fxg5 hxg5 33. g4 Bg7 34. Qd3 Rf8
35. b3 Raa8 36. Rac1 Rac8 37. Ng6 Rf7 38. Rxc8 Qxc8 39. gxf5 exf5 40. Ne5 Rc7
41. Qd2 Bf6 42. Qxb4 Rc2 43. Nf3 f4 44. Nd2 Qg4+ 45. Kf1 f3 46. Re7+ Kh6 0-1

[Event "SF Essen-Katernberg  1 - Bochumer SV 1"]
[Site "Oberliga NRW 2017/2018"]
[Date "2017.11.19"]
[Round "3.6"]
[White "Dahm, Bernd"]
[Black "Jellinghaus, Lars"]
[Result "0-1"]
[WhiteElo "2132"]
[BlackElo "2109"]
[PlyCount "108"]
[EventDate "2017.??.??"]
[WhiteTeam "SF Essen-Katernberg  1"]
[BlackTeam "Bochumer SV 1"]

1. d4 e6 2. c4 d5 3. Nc3 Be7 4. cxd5 exd5 5. Bf4 c6 6. Qc2 g6 7. e3 Bf5 8. Qd2
Nf6 9. f3 O-O 10. g4 Be6 11. O-O-O Nbd7 12. h4 h5 13. g5 Ne8 14. Bd3 b5 15. Kb1
Nb6 16. Ka1 b4 17. Nb1 Nc4 18. Qc2 Bd6 19. Ne2 Ng7 20. Qc1 Rc8 21. e4 Re8 22.
Nd2 Nxd2 23. Rxd2 dxe4 24. fxe4 Qa5 25. b3 Bxf4 26. Nxf4 Bxb3 27. Kb1 Be6 28.
Nxe6 Nxe6 29. Bc4 Qb6 30. Qb2 Rcd8 31. Rhd1 Rd6 32. d5 Nc5 33. dxc6 Rxd2 34.
Qxd2 Qxc6 35. Bd5 Qc7 36. Rc1 Qe7 37. Qxb4 Nxe4 38. Qxe7 Rxe7 39. Rc8+ Kg7 40.
Kc2 Nd6 41. Rc6 Nf5 42. Kd3 Rd7 43. Ke4 Ne7 44. Rc5 Nxd5 45. Rxd5 Rxd5 46. Kxd5
f5 47. gxf6+ Kxf6 48. Kc6 g5 49. hxg5+ Kxg5 50. a4 h4 51. a5 h3 52. a6 h2 53.
Kb7 h1=Q+ 54. Kxa7 Qc6 0-1

[Event "SF Essen-Katernberg  1 - Bochumer SV 1"]
[Site "Oberliga NRW 2017/2018"]
[Date "2017.11.19"]
[Round "3.8"]
[White "Kaeding, Rainer"]
[Black "Kraemer, Matthias"]
[Result "1/2-1/2"]
[WhiteElo "2129"]
[BlackElo "2195"]
[PlyCount "36"]
[EventDate "2017.??.??"]
[WhiteTeam "SF Essen-Katernberg  1"]
[BlackTeam "Bochumer SV 1"]

1. e4 c5 2. Nc3 Nc6 3. g3 g6 4. Bg2 Bg7 5. d3 d6 6. Be3 Rb8 7. Qd2 b5 8. Nge2
b4 9. Nd1 Nd4 10. O-O Qa5 11. Nc1 e6 12. f4 Ne7 13. c3 bxc3 14. bxc3 Ndc6 15.
Ne2 O-O 16. Nf2 f5 17. Rab1 Bd7 18. Rb3 Rb6 1/2-1/2

[Event "SV Mülheim-Nord 2 - SG Porz 2"]
[Site "Oberliga NRW 2017/2018"]
[Date "2017.11.19"]
[Round "3.1"]
[White "Mladenov, Svetlin"]
[Black "Warmerdam, Max"]
[Result "1-0"]
[WhiteElo "2399"]
[BlackElo "2384"]
[PlyCount "59"]
[EventDate "2017.??.??"]
[WhiteTeam "SG Porz 2"]
[BlackTeam "SV Mülheim-Nord 2"]

1. e4 c5 2. d4 cxd4 3. c3 Nf6 4. e5 Nd5 5. Nf3 Nc6 6. cxd4 d6 7. Bc4 Nb6 8. Bb5
dxe5 9. Nxe5 Bd7 10. Nxd7 Qxd7 11. O-O e6 12. Nc3 Be7 13. Qg4 g6 14. Rd1 a6 15.
Bxc6 Qxc6 16. Bh6 f5 17. Qg3 Kf7 18. Rac1 Rhd8 19. h4 Rac8 20. Bg5 Qd6 21. Qf3
Rc6 22. Ne4 Qb4 23. Bxe7 Kxe7 24. Rxc6 bxc6 25. Nc5 Rd6 26. Qe3 Na4 27. a3 Qb5
28. Re1 Nxb2 29. Nxe6 Kd7 30. Nc5+ 1-0

[Event "SV Mülheim-Nord 2 - SG Porz 2"]
[Site "Oberliga NRW 2017/2018"]
[Date "2017.11.19"]
[Round "3.2"]
[White "Zwirs, Nico"]
[Black "Fieberg, Samuel"]
[Result "1-0"]
[WhiteElo "2389"]
[BlackElo "2192"]
[PlyCount "89"]
[EventDate "2017.??.??"]
[WhiteTeam "SV Mülheim-Nord 2"]
[BlackTeam "SG Porz 2"]

1. c4 c6 2. e4 d5 3. exd5 cxd5 4. d4 Nf6 5. Nc3 Nc6 6. Bg5 e6 7. Nf3 Be7 8. c5
O-O 9. Bb5 Bd7 10. Rc1 Ne4 11. Bxe7 Nxe7 12. Bd3 Bc6 13. Ne5 Nxc3 14. Rxc3 f6
15. Nf3 a5 16. O-O Qc7 17. Re1 Bd7 18. Qc2 g6 19. h4 Kg7 20. Qd2 h6 21. Bc2 Rh8
22. Nh2 Rae8 23. Rg3 Nf5 24. Bxf5 exf5 25. Rge3 Re4 26. Nf1 Rhe8 27. Ng3 Rxe3
28. Rxe3 f4 29. Rxe8 Bxe8 30. Ne2 g5 31. Nc3 Bc6 32. Qe2 Qd7 33. b3 g4 34. a3
Qf5 35. b4 axb4 36. axb4 g3 37. fxg3 fxg3 38. Qf3 Qg6 39. h5 Qg5 40. Ne2 Bd7
41. Qxg3 Be8 42. Qxg5+ fxg5 43. Nc3 Kf6 44. Nxd5+ Kf5 45. g4+ 1-0

[Event "SV Mülheim-Nord 2 - SG Porz 2"]
[Site "Oberliga NRW 2017/2018"]
[Date "2017.11.19"]
[Round "3.3"]
[White "Pauly, Carlo"]
[Black "Hausrath, Daniel"]
[Result "0-1"]
[WhiteElo "2268"]
[BlackElo "2471"]
[PlyCount "66"]
[EventDate "2017.??.??"]
[WhiteTeam "SG Porz 2"]
[BlackTeam "SV Mülheim-Nord 2"]

1. d4 Nf6 2. c4 Nc6 3. Nf3 e6 4. a3 g6 5. Nc3 d6 6. b4 Bg7 7. Bb2 O-O 8. e3 e5
9. d5 Ne7 10. Be2 a5 11. O-O h5 12. e4 Nh7 13. c5 f5 14. exf5 gxf5 15. Nd2 Ng6
16. Nc4 axb4 17. axb4 Rxa1 18. Bxa1 Nf4 19. Kh1 Nf6 20. Bf3 Ng4 21. g3 Nh3 22.
Qe2 f4 23. Ne4 fxg3 24. fxg3 Bf5 25. Kg2 Qa8 26. cxd6 Bxe4 27. Bxe4 Rxf1 28.
Qxf1 Ng5 29. Bb1 b5 30. Qf5 Qxd5+ 31. Kg1 Nh3+ 32. Kf1 Qd1+ 33. Kg2 Qe2+ 0-1

[Event "SV Mülheim-Nord 2 - SG Porz 2"]
[Site "Oberliga NRW 2017/2018"]
[Date "2017.11.19"]
[Round "3.4"]
[White "Buckels, Valentin"]
[Black "Liard, Thibaud"]
[Result "1-0"]
[WhiteElo "2316"]
[BlackElo "2153"]
[PlyCount "91"]
[EventDate "2017.??.??"]
[WhiteTeam "SV Mülheim-Nord 2"]
[BlackTeam "SG Porz 2"]

1. d4 d5 2. c4 c6 3. e3 Nf6 4. Nf3 a6 5. b3 Bf5 6. Bb2 e6 7. Nbd2 Be7 8. Be2
O-O 9. O-O Ne4 10. Rc1 Nd7 11. Nb1 b5 12. cxd5 cxd5 13. Bd3 b4 14. Ne5 Nxe5 15.
dxe5 Bg6 16. Bd4 Rc8 17. Qe2 Nc5 18. Bxg6 hxg6 19. Rc2 Nd7 20. Rfc1 Rxc2 21.
Qxc2 Qb8 22. f4 Nb6 23. Qc7 Rc8 24. Qxb8 Rxb8 25. Rc7 Bd8 26. Ra7 g5 27. fxg5
Bxg5 28. Rxa6 Nd7 29. Nd2 Rc8 30. Nf3 Bh6 31. g4 g6 32. Ra5 Bf8 33. Ra7 Rc1+
34. Kg2 Rc2+ 35. Kh3 Nc5 36. Ng5 Nd3 37. Nxf7 Nf2+ 38. Kh4 Ne4 39. h3 Rg2 40.
Ng5 Nd2 41. Ra8 Kg7 42. Nxe6+ Kh6 43. g5+ Kh7 44. Nxf8+ Kg7 45. e6+ Kg8 46.
Nd7+ 1-0

[Event "SV Mülheim-Nord 2 - SG Porz 2"]
[Site "Oberliga NRW 2017/2018"]
[Date "2017.11.19"]
[Round "3.6"]
[White "Kahleys, Kevin"]
[Black "Sabirov, Ramil"]
[Result "0-1"]
[WhiteElo "2185"]
[BlackElo "2102"]
[PlyCount "112"]
[EventDate "2017.??.??"]
[WhiteTeam "SV Mülheim-Nord 2"]
[BlackTeam "SG Porz 2"]

1. d4 Nf6 2. Nf3 g6 3. g3 Bg7 4. Bg2 d5 5. O-O O-O 6. c4 c6 7. Nc3 Nbd7 8. cxd5
cxd5 9. Qb3 Nb6 10. Bf4 Bd7 11. Ne5 Bc6 12. a4 Rc8 13. a5 Nc4 14. a6 b6 15.
Rac1 e6 16. Rfd1 Qe8 17. Nxc6 Qxc6 18. Qb4 Nh5 19. e4 Nxf4 20. gxf4 Rfd8 21.
exd5 exd5 22. Nxd5 Rxd5 23. b3 Qd6 24. Rxc4 Rxc4 25. Qxc4 Rxd4 26. Rxd4 Bxd4
27. Qc8+ Kg7 28. Qg4 Qc5 29. Qf3 b5 30. Bf1 Qb6 31. Kg2 Qxa6 32. Qd5 Qf6 33.
Bxb5 Qxf4 34. Bc6 Qxf2+ 35. Kh3 Qf1+ 36. Qg2 Qf5+ 37. Qg4 Qf6 38. Qf3 Qxf3+ 39.
Bxf3 Kf6 40. Bd5 h5 41. Kg3 Be5+ 42. Kg2 g5 43. h3 Kg6 44. Bc6 g4 45. Be8 Kf6
46. b4 Ke7 47. Ba4 f5 48. Bc6 Kf6 49. Bd7 Kg5 50. b5 f4 51. hxg4 hxg4 52. Kf2
f3 53. Ke3 Bd4+ 54. Kd3 Bb6 55. Bc6 Kf4 56. Kd2 g3 0-1

[Event "SV Mülheim-Nord 2 - SG Porz 2"]
[Site "Oberliga NRW 2017/2018"]
[Date "2017.11.19"]
[Round "3.7"]
[White "Finke, Kai"]
[Black "Bus, Tom"]
[Result "1-0"]
[WhiteElo "2096"]
[BlackElo "2096"]
[PlyCount "75"]
[EventDate "2017.??.??"]
[WhiteTeam "SG Porz 2"]
[BlackTeam "SV Mülheim-Nord 2"]

1. d4 Nf6 2. c4 g6 3. Nc3 Bg7 4. e4 d6 5. f4 O-O 6. Nf3 c5 7. d5 b5 8. cxb5 a6
9. a4 axb5 10. Bxb5 Ba6 11. Qe2 Qa5 12. O-O Bxb5 13. Nxb5 Na6 14. Bd2 Qb6 15.
Bc3 Rfb8 16. Nd2 Qd8 17. Nc4 Qd7 18. h3 Nb4 19. b3 Ra6 20. Rad1 Qb7 21. Rfe1
Rd8 22. Kh2 Rd7 23. Qd2 Qb8 24. Bxb4 cxb4 25. Qxb4 Nh5 26. Qd2 Bh6 27. g3 e5
28. dxe6 fxe6 29. Ncxd6 Raxd6 30. Nxd6 Qxb3 31. Qf2 Qxa4 32. e5 Nxf4 33. gxf4
Bxf4+ 34. Kg1 Bxe5 35. Qe3 Bf4 36. Qxe6+ Kh8 37. Qf6+ Kg8 38. Re8# 1-0

[Event "SV Mülheim-Nord 2 - SG Porz 2"]
[Site "Oberliga NRW 2017/2018"]
[Date "2017.11.19"]
[Round "3.8"]
[White "Nachbar, Benjamin"]
[Black "Paulus, Jeffrey"]
[Result "1-0"]
[WhiteElo "2062"]
[BlackElo "2027"]
[PlyCount "119"]
[EventDate "2017.??.??"]
[WhiteTeam "SV Mülheim-Nord 2"]
[BlackTeam "SG Porz 2"]

1. c4 Nf6 2. Nf3 e6 3. d4 d5 4. Bg5 Be7 5. e3 c6 6. Nc3 O-O 7. Qc2 h6 8. Bh4
Nbd7 9. Rd1 Re8 10. Bd3 dxc4 11. Bxc4 b5 12. Bd3 Bb7 13. O-O Qb6 14. Bxf6 Bxf6
15. Ne4 Be7 16. Rc1 Red8 17. Rfd1 Rac8 18. Nc5 Nxc5 19. dxc5 Qc7 20. b4 Bf6 21.
Nd2 a5 22. a3 a4 23. Ne4 Be7 24. f4 Rd7 25. Be2 Rxd1+ 26. Rxd1 Rd8 27. Bf3 Rd7
28. Kf2 f5 29. Rxd7 Qxd7 30. Qd2 Qxd2+ 31. Nxd2 Bf6 32. Ke2 Kf7 33. Kd3 Ke7 34.
Kc2 Kd7 35. Bh5 e5 36. fxe5 Bxe5 37. Nf3 Bc7 38. Bg6 f4 39. e4 Bd8 40. Bf5+ Kc7
41. Kd3 g5 42. h3 Bc8 43. Bxc8 Kxc8 44. e5 h5 45. Nd4 g4 46. hxg4 hxg4 47. Ke4
f3 48. gxf3 g3 49. f4 g2 50. Ne2 Be7 51. Kf3 Bxc5 52. Kxg2 Be3 53. Kf3 Bd2 54.
Ke4 c5 55. Kd3 cxb4 56. Kxd2 bxa3 57. Kc2 b4 58. Kb1 b3 59. Nc3 a2+ 60. Nxa2
1-0

[Event "SK Münster 1 - Bahn-SC Wuppertal 1"]
[Site "Oberliga NRW 2017/2018"]
[Date "2017.11.19"]
[Round "3.1"]
[White "Savchenko, Vyacheslav"]
[Black "Holtel, Jasper"]
[Result "0-1"]
[WhiteElo "2372"]
[BlackElo "2135"]
[PlyCount "62"]
[EventDate "2017.??.??"]
[WhiteTeam "Bahn-SC Wuppertal 1"]
[BlackTeam "SK Münster 1"]

1. e4 c5 2. Nf3 d6 3. d4 cxd4 4. Nxd4 Nf6 5. Nc3 a6 6. Bc4 e6 7. Bb3 Nbd7 8.
Bg5 Nc5 9. f4 Be7 10. Qf3 Qc7 11. O-O-O O-O 12. Rhe1 b5 13. f5 Bd7 14. a3 Nxb3+
15. Nxb3 a5 16. Qd3 b4 17. axb4 axb4 18. Nb5 Bxb5 19. Qxb5 Rfc8 20. Re2 Qa7 21.
fxe6 fxe6 22. h4 h6 23. e5 hxg5 24. exf6 Bxf6 25. hxg5 Bxb2+ 26. Kd2 Bc3+ 27.
Kd3 Rab8 28. Qa5 Qf7 29. Re3 Rf8 30. Qa6 Qf5+ 31. Ke2 Qg4+ 0-1

[Event "SK Münster 1 - Bahn-SC Wuppertal 1"]
[Site "Oberliga NRW 2017/2018"]
[Date "2017.11.19"]
[Round "3.2"]
[White "Webb, Laurence"]
[Black "Biriukov, Nikolai"]
[Result "1/2-1/2"]
[WhiteElo "2255"]
[BlackElo "2368"]
[PlyCount "81"]
[EventDate "2017.??.??"]
[WhiteTeam "SK Münster 1"]
[BlackTeam "Bahn-SC Wuppertal 1"]

1. d4 d5 2. c4 e6 3. Nc3 c6 4. cxd5 exd5 5. Nf3 Bf5 6. Bg5 Be7 7. Bxe7 Qxe7 8.
e3 Nd7 9. Be2 h6 10. O-O Ngf6 11. a3 O-O 12. Rc1 a5 13. Ne1 Ne8 14. Bd3 Bxd3
15. Nxd3 Nd6 16. Qe2 Rfe8 17. Rfe1 Nf8 18. Nc5 Ng6 19. g3 Qg5 20. Kh1 Re7 21.
b4 axb4 22. axb4 Rae8 23. b5 Nf5 24. bxc6 bxc6 25. Qd1 h5 26. Ne2 Nh6 27. h3
Qf6 28. Kg1 Nf5 29. Nf4 Nxf4 30. gxf4 Qh4 31. Kg2 Qf6 32. Nd3 Nh4+ 33. Kh2 g6
34. Rg1 Kh7 35. Ne5 Re6 36. Nf3 Rd6 37. Nxh4 Qxh4 38. Qf3 Rf6 39. Qg3 Qxg3+ 40.
Kxg3 Kg8 41. h4 1/2-1/2